| 000 | 00505nam a2200193 u 4500 | ||
|---|---|---|---|
| 005 | 20220603063707.0 | ||
| 008 | 080722s2006 mx r 000 0 spa d | ||
| 020 | _a9707700025 | ||
| 035 | _aUPN01000157883 | ||
| 049 | _aI | ||
| 050 | 4 |
_aPZ74.9 _bI8.6 |
|
| 100 | 1 |
_aIsol, _d1972- |
|
| 245 | 1 | 0 |
_aPiñatas / _cIsol. |
| 260 |
_aMéxico : _bSantillana, _c2006. |
||
| 300 |
_a[40] p. : _bprincipalmente il. col. |
||
| 440 | 0 | _aAlfaguara infantil | |
| 650 | 4 |
_aCuentos infantiles _96744 |
|
| 905 | _aInfantil | ||
| 999 |
_c129997 _d129997 |
||